000 00442nam a2200193Ia 4500
005 20250423095147.0
008 250422s9999 xx 000 0 und d
020 _a0-02-431201-0
050 _aTK 5105 .Y68/
100 _aPaul H. Young
245 0 _aElectronic Communication Techniques
250 _a3
260 _aNew York
260 _bMerrill
260 _c1994
300 _a808 p
650 _aTelecommunication
942 _cBK
999 _c29425
_d29425